Computer aided optimal design of RCC silos for bulk storage of grains (Record no. 15064)
[ view plain ]
| 000 -LEADER | |
|---|---|
| fixed length control field | 00857nam a22001817a 4500 |
| 003 - CONTROL NUMBER IDENTIFIER | |
| control field | OSt |
| 088 ## - REPORT NUMBER | |
| Report number | P 82 |
| 100 ## - MAIN ENTRY--AUTHOR NAME | |
| Personal name | BINUJA THOMAS |
| -- | JITHESH R |
| -- | VINODKUMAR B |
| 245 ## - TITLE STATEMENT | |
| Title | Computer aided optimal design of RCC silos for bulk storage of grains |
| 260 ## - PUBLICATION, DISTRIBUTION, ETC. (IMPRINT) | |
| Place of publication | Tavanur 1998 |
| Name of publisher | department of post harvest technology and agricultural processing |
| 300 ## - PHYSICAL DESCRIPTION | |
| Number of Pages | 70 |
| 500 ## - GENERAL NOTE | |
| General note | Computer aided optimal design of RCC silos for bulk storage of grains |
| 520 ## - SUMMARY, ETC. | |
| Summary, etc | to study the variation in lateral and vertical pressures encountered due to the stored material . to find out the variation in volume of concrete, steel and area of form work for each element of the silo, with h/d ration.... |
| 700 ## - ADDED ENTRY--PERSONAL NAME | |
| Personal name | Dr. V Ganesan (Guide) |
| 856 ## - ELECTRONIC LOCATION AND ACCESS | |
| Uniform Resource Identifier | https://drive.google.com/open?id=1EAMTN_USCw2Admn21_UqGaTS9WAOQDk0 |
| 942 ## - ADDED ENTRY ELEMENTS (KOHA) | |
| Koha item type | Project Report |
| Collection code | Home library | Current library | Shelving location | Full call number | Accession Number | Koha item type |
|---|---|---|---|---|---|---|
| Reference | KAUAET | KAUAET | Reference | 631.56 BIN/CO | P 82 | Project Report |
